000 00626nmm a2200205Ia 4500
008 251105s9999||||xx |||||||||||||||||und||
020 _a9788499217345
041 _aspa
100 _aSantos Rego, Miguel A.
245 0 _aAprendizaje-servicio y misión cívica en la universidad
264 _a[Madrid, España] :
_bOctaedro,
_c2015
300 _a136 páginas
490 _aEducación - Psicopedagogía
650 _aEducation
700 _aSantos Rego, Miguel A.
700 1 _a Sotelino Losada, Alexandre
700 1 _a Lorenzo Moledo, Mar
856 _uhttps://public.digitaliapublishing.com/a/39167
942 _cCF
999 _c71156
_d71156